00558nam a22001697a 450000500170000001000150001702000260003203500140005803700130007208200130008524501110009826000360020927000560024530000270030150000380032870000220036620180706165539.0 aENG-123036 c499.00a9789386582133 aEN-106568 bDBAD/PUB a951.5061 aThe division of heaven and earth on tibet's peaceful revolution shokdung /ctranslated by Matthew Akester  aNew DelhibSpeaking Tigerc2016 a4381/4, Ansari Road, Daryagang, bNew Delhie110002 axliii, 162p.c21cm(Hb) aIt include bibliography and index aAkester, Matthew